Pubblicità (Ricchi & Poveri Lp Tlpx 182) (Record n. 102838)

Dettagli MARC
000 -LEADER
fixed length control field 02541njm a2200445Ia 4500
001 - CONTROL NUMBER
control field 61795
003 - CONTROL NUMBER IDENTIFIER
control field IT-RoPAU
005 - DATE AND TIME OF LATEST TRANSACTION
control field 20220918181159.0
008 - FIXED-LENGTH DATA ELEMENTS--GENERAL INFORMATION
fixed length control field 131025s9999 xx 000 0 und d
040 ## - CATALOGING SOURCE
Original cataloging agency IT-RoPAU
040 ## - CATALOGING SOURCE
Transcribing agency IT-RoPAU
041 ## - LANGUAGE CODE
Language code of text/sound track or separate title ITALIANO
999 ## - SYSTEM CONTROL NUMBERS (KOHA)
Koha Dewey Subclass [OBSOLETE] n.d.
100 ## - MAIN ENTRY--PERSONAL NAME
Personal name AA.VV.
9 (RLIN) 794
100 ## - MAIN ENTRY--PERSONAL NAME
Relator term Autore musica
9 (RLIN) 23094
100 ## - MAIN ENTRY--PERSONAL NAME
Miscellaneous information Codice autore musica SPICS: 12000
9 (RLIN) 796
245 ## - TITLE STATEMENT
Title Pubblicità (Ricchi & Poveri Lp Tlpx 182)
250 ## - EDITION STATEMENT
Edition statement 1a ed.
260 ## - PUBLICATION, DISTRIBUTION, ETC. (IMPRINT)
Place of publication, distribution, etc. TORINO
260 ## - PUBLICATION, DISTRIBUTION, ETC. (IMPRINT)
Name of publisher, distributor, etc. FONIT CETRA
Date of publication, distribution, etc. 1987 [1a Ed.:1987 - Ed. Lingua Orig.: 1987]
300 ## - PHYSICAL DESCRIPTION
Extent DISCO
300 ## - PHYSICAL DESCRIPTION
Dimensions 38 minuti (Testo: pag.)
500 ## - GENERAL NOTE
General note Musica leggera. Canzone italiana.
505 ## - FORMATTED CONTENTS NOTE
Formatted contents note Cocco bello Africa (4:00) - Pubblicità (4:00) - Voglio stringerti ancora (5:00) - Non dire no (4:00) - C'è che luna , c'è che mare (4:00) - Lascia libero il cielo (5:00) - Bocce (3:00) - E io mi sono innamorato (4:00) - Canzone d'amore (5:00)
511 ## - PARTICIPANT OR PERFORMER NOTE
Participant or performer note Ricchi & Poveri
650 ## - SUBJECT ADDED ENTRY--TOPICAL TERM
Topical term or geographic name as entry element LEGGERA [DISCHI]
Relator term Codice MATERIA SPICS: 9950
9 (RLIN) 23095
700 ## - ADDED ENTRY--PERSONAL NAME
Personal name Ricchi e Poveri (I)
Miscellaneous information Codice interprete SPICS: 11114
Relator term Interprete
9 (RLIN) 23096
700 ## - ADDED ENTRY--PERSONAL NAME
Personal name Avogadro Oscar
Miscellaneous information Codice autore musica SPICS: 21687
Relator term Autore musica
Name of part/section of a work Cocco bello Africa - Voglio stringerti ancora - C'è che luna , c'è che mare
9 (RLIN) 23097
700 ## - ADDED ENTRY--PERSONAL NAME
Personal name Minellono C.
Miscellaneous information Codice autore SPICS: 14293
Relator term Autore
Name of part/section of a work Cocco bello Africa - Voglio stringerti ancora - C'è che luna , c'è che mare - E io mi sono innamorato
9 (RLIN) 23098
700 ## - ADDED ENTRY--PERSONAL NAME
Personal name Farina Dario
Miscellaneous information Codice autore testo/musica SPICS: 10886
Relator term Autore testo/musica
Name of part/section of a work Cocco bello Africa - Lascia libero il cielo - E io mi sono innamorato - Canzone d'amore
9 (RLIN) 23099
700 ## - ADDED ENTRY--PERSONAL NAME
Personal name Brambati A.
Miscellaneous information Codice autore musica SPICS: 21690
Relator term Autore musica
Name of part/section of a work Pubblicità
9 (RLIN) 23100
700 ## - ADDED ENTRY--PERSONAL NAME
Personal name Gatti F.
Miscellaneous information Codice autore SPICS: 16096
Relator term Autore
Name of part/section of a work Pubblicità - Non dire no
9 (RLIN) 23101
700 ## - ADDED ENTRY--PERSONAL NAME
Personal name Sotgiu Angelo
Miscellaneous information Codice autore testo/musica SPICS: 21688
Relator term Autore testo/musica
Name of part/section of a work Pubblicità - Non dire no - Bocce
9 (RLIN) 23102
700 ## - ADDED ENTRY--PERSONAL NAME
Personal name Hofmann M.
Miscellaneous information Codice autore testo/musica SPICS: 21691
Relator term Autore testo/musica
Name of part/section of a work C'è che luna , c'è che mare
9 (RLIN) 23103
700 ## - ADDED ENTRY--PERSONAL NAME
Personal name Kunze M.
Miscellaneous information Codice autore musica SPICS: 21693
Relator term Autore musica
Name of part/section of a work Lascia libero il cielo
9 (RLIN) 23104
700 ## - ADDED ENTRY--PERSONAL NAME
Personal name Tempera Vince
Miscellaneous information Codice autore SPICS: 21692
Relator term Autore
Name of part/section of a work Lascia libero il cielo
9 (RLIN) 23105
700 ## - ADDED ENTRY--PERSONAL NAME
Personal name Cutugno Salvatore
Miscellaneous information Codice autore musica SPICS: 15557
Relator term Autore musica
Name of part/section of a work Canzone d'amore
9 (RLIN) 23106
700 ## - ADDED ENTRY--PERSONAL NAME
Personal name Rampazzo G.
Miscellaneous information Codice autore SPICS: 18195
Relator term Autore
Name of part/section of a work Canzone d'amore
9 (RLIN) 23107
942 ## - ADDED ENTRY ELEMENTS (KOHA)
Koha item type DISCHI
Source of classification or shelving scheme Dewey Decimal Classification
Dati di copia
Withdrawn status Lost status Damaged status Not for loan Home library Current library Date acquired Total Checkouts Full call number Date last seen Price effective from Koha item type Public note
    Buone Condizioni Not For Loan SPICS-MEDIATECA SPICS-MEDIATECA 25/10/2013   61795 25/10/2013 25/10/2013 DISCHI Progr. Ins.: 15709 / N.Vol.: 1 / Copie: 1 - Copia rara: n.d. / date import: 01.01.2014 - By Epidotti, Trombetti, Vaglietti
CREDITS: SOCIETA' SAN PAOLO Via A.Severo, 58 - ROMA (RM) & PERIODICI SAN PAOLO SRL Via Giotto, 36 MILANO & CISF Via Giotto, 36 MILANO & EDIZIONI SAN PAOLO SRL,  Piazza Soncino, 5 CINISELLO BALSAMO (MI) -- ITALY